000 01062nam a2200133Ia 4500
008 220620s9999||||xx |||||||||||||| ||und||
020 _a9783040000000
245 0 _aEnergy Management of Prosumer Communities
546 _aEnglish[eng]
650 _apower-to-heat||sector coupling||thermal storage||district heat||deep well heat pump||hierarchical agglomerative clustering||chronology||demand response||two-capacity building model||residential users||flexible loads shifting scenarios||community of prosumers||new consumption peak||shared PV plant||storage batteries||load factor||real-time pricing||prosumers||electricity price forecasting||particle swarm optimization||renewable energy||peer-to-peer||electricity market||economic dispatch||consensus + innovations||distributed energy resources||battery||reinforcement learning||simulation||frequency reserve||frequency containment reserve||timescale||artificial intelligence||real-time
700 _aSierla, Seppo||Pourakbari-Kasmaei, Mahdi
856 _uhttps://mdpi.com/books/pdfview/book/4373
942 _cEB
999 _c24818
_d24818